000 00537nam a2200205Ia 4500
005 20251114170705.0
008 230125s9999 xx 000 0 und d
020 _a0-09-182650-0
041 _aeng
082 _a158.1
_bGRA
100 _aGray J
_9214960
245 _aHow to get what you want and want what you have
260 _c1999
_bVermilion publisher
_aLondon
300 _a310p
500 _aPersonality Development,
650 _aPersonality Development
_9213420
700 _aGray J
_9214960
906 _b9
942 _cBK
999 _c86815
_d86815